Optimalizačné modely organizácie odvetví v bankovom sektore diplomová práca

Na minha lista:
Detalhes bibliográficos
Autor principal: Zámečníková, Alena
Autor Corporativo: Fakulta hospodárskej informatiky EU. Katedra operačného výskumu a ekonometrie
Outros Autores: Fendek, Michal
Formato: Livro
Idioma:eslovaco
Publicado em: Bratislava 2014
Tags: Adicionar Tag
Sem tags, seja o primeiro a adicionar uma tag!

MARC

LEADER 00000nbm a2200000 4500
001 0188539
005 20170201104022.5
041 0 |a slo 
044 |a SK 
245 1 0 |a Optimalizačné modely organizácie odvetví v bankovom sektore  |b diplomová práca  |c Alena Zámečníková ; školiteľ: Michal Fendek 
264 1 |a Bratislava  |c 2014 
300 |a 60 s. 
100 1 |a Zámečníková, Alena 
700 1 |a Fendek, Michal 
710 2 |a Fakulta hospodárskej informatiky EU. Katedra operačného výskumu a ekonometrie